000 00435cam a2200169ua 4500
041 _aeng
_h
082 _a612
_bKEE/SA
100 _aKeele, Cyril A .
245 _aSamson Wright`s applied physiology /
_cCyril A Keele.
_hTextual Documents
250 _a11 /
_b.
260 _aLondon :
_bEnglish Language Book Society ,
_c1965.
300 _a515 ; .
504 _a
700 1 _aNeil, Eric .
942 _cBK
999 _c5701
_d5701